000 00648nam a2200265Ia 4500
003 OSt
005 20221006144245.0
006 a|||||r|||| 00| 0
007 ta
008 221006b |||||||| |||| 00| 0 eng d
020 _c10.00
024 _a11,268
037 _cTextual
040 _aEASL
_cEASL
_beng
041 _2eng
_aeng
082 _aU.41.N5f, K8
100 _aFULLARD Harold
_9651262
245 0 _aChina in maps
260 _aLondon
_bGeorge Philip & Son
_c1968
300 _a25p.
_ccm.
490 _v CEL
650 _aCEL
942 _hU.41.N5f, K8
_cTEXL
_2CC
999 _c1079354
_d1079354